Land vs. Land #13 - Statistiken

Allgemein
  • Dieses Quiz wurde 47 mal gespielt
  • Das Durchschnittsergebnis liegt bei 11 aus 14
Antwortstatistiken
Frage Antwort % Korrekt
...Bruttoinlandsprodukt pro Kopf? Slowakei🇸🇰
96%
...Gesundheitswesen? Slowakei🇸🇰
96%
...Lebenserwartung? Slowakei🇸🇰
96%
...durchschnittlicher IQ? Slowakei🇸🇰
96%
...Fläche? Madagaskar🇲🇬
91%
...HDI (Human Development Index)? Slowakei🇸🇰
91%
...Gewinner? Slowakei🇸🇰
91%
...Bruttoinlandsprodukt? Slowakei🇸🇰
89%
...Militär? Slowakei🇸🇰
82%
...Exportmengen? Slowakei🇸🇰
76%
...Frieden? Slowakei🇸🇰
67%
...Einwohner? Madagaskar🇲🇬
64%
...Happy Planet Index? Slowakei🇸🇰
62%
...Tourismus? Slowakei🇸🇰
47%
Keine übereinstimmenden Quizze gefunden
Verteilung der Resultate
Anzahl Personen mit jedem Resultat
Perzentil nach korrekt beantworteten Fragen
Ihre Resultats-Entwicklung
Sie haben dieses Quiz noch nicht gespielt